On the action of the mapping class group for Riemann surfaces of infinite type /

Αποθηκεύτηκε σε:
Λεπτομέρειες βιβλιογραφικής εγγραφής
Κύριος συγγραφέας: Fujikawa, Ege.
Άλλοι συγγραφείς: Shiga, Hiroshige., Taniguchi, Masahiko.
Μορφή: Άρθρο
Γλώσσα:English
Θέματα:
Ετικέτες: Προσθήκη ετικέτας
Δεν υπάρχουν, Καταχωρήστε ετικέτα πρώτοι!
Thư viện lưu trữ: Thư viện Trường Đại học Đà Lạt
LEADER 00890nam a2200277 4500
001 DLU090079112
005 ##20090608
040 # # |a DLU  |b eng 
041 # # |a eng 
044 # # |a JP 
100 # # |a Fujikawa, Ege.  
245 # # |a On the action of the mapping class group for Riemann surfaces of infinite type /  |c Ege Fujikawa, Hiroshige Shiga, Masahiko Taniguchi. 
653 # # |a Hyperbolic geometry 
653 # # |a Teichmuller space  
700 # # |a Shiga, Hiroshige.  
700 # # |a Taniguchi, Masahiko.  
773 # # |t Journal of the Mathematical Society of Japan  |g Vol. 56, no. 4 (October 2004), p. 1069-1086 
920 # # |a Phòng Tạp chí -- Trung tâm Thông tin - Thư viện Trường Đại học Đà Lạt 
994 # # |a DLU 
900 # # |a True 
911 # # |a Trương Bảo Trâm Anh 
925 # # |a G 
926 # # |a A 
927 # # |a BB 
980 # # |a Thư viện Trường Đại học Đà Lạt